<?xml version="1.0" encoding="UTF-8"?>
<collection xmlns="http://www.loc.gov/MARC21/slim">
 <record>
  <leader>     na                 </leader>
  <controlfield tag="001">INLIS000000000000428</controlfield>
  <controlfield tag="005">20260429111256</controlfield>
  <datafield tag="035" ind1=" " ind2=" ">
   <subfield code="a">0010-0426000002</subfield>
  </datafield>
  <controlfield tag="007">ta</controlfield>
  <controlfield tag="008">260429                c          0 ind  </controlfield>
  <datafield tag="020" ind1=" " ind2=" ">
   <subfield code="a">978-623-522-044-4</subfield>
  </datafield>
  <datafield tag="082" ind1=" " ind2=" ">
   <subfield code="a">530</subfield>
  </datafield>
  <datafield tag="084" ind1=" " ind2=" ">
   <subfield code="a">530 LAS g-1</subfield>
  </datafield>
  <datafield tag="100" ind1="0" ind2=" ">
   <subfield code="a">Lasmi, Ni Ketut</subfield>
  </datafield>
  <datafield tag="245" ind1="1" ind2=" ">
   <subfield code="a">Gemilang OSN IPA Fisika :</subfield>
   <subfield code="b">SMP/MTs /</subfield>
   <subfield code="c">Ni Ketut Lasmi</subfield>
  </datafield>
  <datafield tag="250" ind1=" " ind2=" ">
   <subfield code="a">Ed. 1</subfield>
  </datafield>
  <datafield tag="260" ind1=" " ind2=" ">
   <subfield code="a">Jakarta :</subfield>
   <subfield code="b">Erlangga,</subfield>
   <subfield code="c">2023</subfield>
  </datafield>
  <datafield tag="300" ind1=" " ind2=" ">
   <subfield code="a">vi, 330 :</subfield>
   <subfield code="b">ill ;</subfield>
   <subfield code="c">18 x 25 cm</subfield>
  </datafield>
  <datafield tag="700" ind1="0" ind2=" ">
   <subfield code="a">W. Srigutami</subfield>
  </datafield>
  <datafield tag="700" ind1="0" ind2=" ">
   <subfield code="a">N. Resminingpuri</subfield>
  </datafield>
  <datafield tag="520" ind1=" " ind2=" ">
   <subfield code="a">Olimpiade Sains Nasional (OSN) adalah sebuah ajang kompetisi bergengsi untuk peserta didik yang berprestasi di berbagai bidang sains. OSN bertujuan untuk menumbuhkan minat dan bakat peserta didik dalam bidang sains sejak dini, meningkatkan keterampilan berpikir kritis. kreatif, dan analitis, serta memperluas wawasan dan pengetahuan mereka. Selain itu, OSN berfungsi sebagai kompetisi yang dapat memotivasi peserta didik untuk terus belajar dan berprestasi lebih tinggi. Dalam upaya mendukung tujuan tersebut, buku Gemilang OSN IPA Fisika hadir menemani peserta didik dalam belajar. Buku ini memberikan panduan dalam tiap lingkup materi yang disusun berdasarkan Pedoman Olimpiade Sains Nasional Jenjang SMP/MTs Bidang IPA Fisika.</subfield>
  </datafield>
  <datafield tag="600" ind1=" " ind2="4">
   <subfield code="a">IPA-Fisika</subfield>
  </datafield>
  <datafield tag="990" ind1=" " ind2=" ">
   <subfield code="a">11902/P.SMP1.B/B/2026</subfield>
  </datafield>
  <datafield tag="990" ind1=" " ind2=" ">
   <subfield code="a">11903/P.SMP1.B/B/2026</subfield>
  </datafield>
  <datafield tag="990" ind1=" " ind2=" ">
   <subfield code="a">11904/P.SMP1.B/B/2026</subfield>
  </datafield>
  <datafield tag="990" ind1=" " ind2=" ">
   <subfield code="a">11905/P.SMP1.B/B/2026</subfield>
  </datafield>
  <datafield tag="990" ind1=" " ind2=" ">
   <subfield code="a">11906/P.SMP1.B/B/2026</subfield>
  </datafield>
  <datafield tag="990" ind1=" " ind2=" ">
   <subfield code="a">11907/P.SMP1.B/B/2026</subfield>
  </datafield>
  <datafield tag="990" ind1=" " ind2=" ">
   <subfield code="a">11908/P.SMP1.B/B/2026</subfield>
  </datafield>
  <datafield tag="990" ind1=" " ind2=" ">
   <subfield code="a">11909/P.SMP1.B/B/2026</subfield>
  </datafield>
  <datafield tag="990" ind1=" " ind2=" ">
   <subfield code="a">11910/P.SMP1.B/B/2026</subfield>
  </datafield>
  <datafield tag="990" ind1=" " ind2=" ">
   <subfield code="a">11911/P.SMP1.B/B/2026</subfield>
  </datafield>
  <datafield tag="990" ind1=" " ind2=" ">
   <subfield code="a">11912/P.SMP1.B/B/2026</subfield>
  </datafield>
  <datafield tag="990" ind1=" " ind2=" ">
   <subfield code="a">11913/P.SMP1.B/B/2026</subfield>
  </datafield>
  <datafield tag="990" ind1=" " ind2=" ">
   <subfield code="a">11914/P.SMP1.B/B/2026</subfield>
  </datafield>
  <datafield tag="990" ind1=" " ind2=" ">
   <subfield code="a">11915/P.SMP1.B/B/2026</subfield>
  </datafield>
  <datafield tag="990" ind1=" " ind2=" ">
   <subfield code="a">11916/P.SMP1.B/B/2026</subfield>
  </datafield>
  <datafield tag="990" ind1=" " ind2=" ">
   <subfield code="a">11917/P.SMP1.B/B/2026</subfield>
  </datafield>
  <datafield tag="990" ind1=" " ind2=" ">
   <subfield code="a">11918/P.SMP1.B/B/2026</subfield>
  </datafield>
  <datafield tag="990" ind1=" " ind2=" ">
   <subfield code="a">11919/P.SMP1.B/B/2026</subfield>
  </datafield>
  <datafield tag="990" ind1=" " ind2=" ">
   <subfield code="a">11920/P.SMP1.B/B/2026</subfield>
  </datafield>
  <datafield tag="990" ind1=" " ind2=" ">
   <subfield code="a">11921/P.SMP1.B/B/2026</subfield>
  </datafield>
  <datafield tag="990" ind1=" " ind2=" ">
   <subfield code="a">11922/P.SMP1.B/B/2026</subfield>
  </datafield>
  <datafield tag="990" ind1=" " ind2=" ">
   <subfield code="a">11923/P.SMP1.B/B/2026</subfield>
  </datafield>
  <datafield tag="990" ind1=" " ind2=" ">
   <subfield code="a">11924/P.SMP1.B/B/2026</subfield>
  </datafield>
  <datafield tag="990" ind1=" " ind2=" ">
   <subfield code="a">11925/P.SMP1.B/B/2026</subfield>
  </datafield>
  <datafield tag="990" ind1=" " ind2=" ">
   <subfield code="a">11926/P.SMP1.B/B/2026</subfield>
  </datafield>
  <datafield tag="990" ind1=" " ind2=" ">
   <subfield code="a">11927/P.SMP1.B/B/2026</subfield>
  </datafield>
  <datafield tag="990" ind1=" " ind2=" ">
   <subfield code="a">11928/P.SMP1.B/B/2026</subfield>
  </datafield>
  <datafield tag="990" ind1=" " ind2=" ">
   <subfield code="a">11929/P.SMP1.B/B/2026</subfield>
  </datafield>
  <datafield tag="990" ind1=" " ind2=" ">
   <subfield code="a">11930/P.SMP1.B/B/2026</subfield>
  </datafield>
  <datafield tag="990" ind1=" " ind2=" ">
   <subfield code="a">11931/P.SMP1.B/B/2026</subfield>
  </datafield>
  <datafield tag="990" ind1=" " ind2=" ">
   <subfield code="a">11932/P.SMP1.B/B/2026</subfield>
  </datafield>
 </record>
</collection>
